000 00453nam a2200181Ia 4500
001 12528
003 GE_BSU
008 181216s||||||||xx |||||||||||||| ||und||
040 _cGE_BSU
080 _aპერიოდიკა
245 _aОртодонтия №3 (67) 2014
245 _cГл. ред. Л.В.Польма
260 _aМосква
260 _c2014
300 _a100стр.30см.
653 _aОртодонтия
942 _cCR
999 _c45701
_d45701